Online
Catalog

El poder del péndulo : (Record no. 22787)

MARC details
000 -CABECERA
campo de control de longitud fija 00939nam a2200265 a 4500
001 - NÚMERO DE CONTROL
campo de control 000023290
005 - FECHA Y HORA DE LA ÚLTIMA TRANSACCIÓN
campo de control 20200930022121.0
008 - DATOS DE LONGITUD FIJA--INFORMACIÓN GENERAL
campo de control de longitud fija 101201s1988 sp a r 000 0 spa d
020 ## - NÚMERO INTERNACIONAL ESTÁNDAR DEL LIBRO
Número Internacional Estándar del Libro 8476402317
040 ## - FUENTE DE LA CATALOGACIÓN
Centro catalogador/agencia de origen DO-SdBNP
Lengua de catalogación spa
Centro/agencia transcriptor BNPHU
041 17 - CÓDIGO DE LENGUA
Código de lengua del texto/banda sonora o título independiente spa
Código de lengua original eng
Fuente del código Código de idioma MARC.
082 ## - NÚMERO DE LA CLASIFICACIÓN DECIMAL DEWEY
Número de clasificación NNN
Número de documento/Ítem N669p
049 ## - FONDOS LOCALES (OCLC)
Fondos de biblioteca BNGR
100 1# - ENTRADA PRINCIPAL--NOMBRE DE PERSONA
Nombre de persona Nielsen, Greg
9 (RLIN) 47959
240 10 - TÍTULO UNIFORME
Título uniforme Pendulum power.
Lenguaje de la obra Español.
245 10 - MENCIÓN DE TÍTULO
Título El poder del péndulo :
Resto del título un misterio que se puede ver, un poder que se puede sentir /
Mención de responsabilidad, etc. Greg Nielsen y Joseph Polansky ; traducido por Amparo Pérez.
260 ## - PUBLICACIÓN, DISTRIBUCIÓN, ETC.
Lugar de publicación, distribución, etc. Madrid :
Nombre del editor, distribuidor, etc. EDAF,
Fecha de publicación, distribución, etc. 1988.
300 ## - DESCRIPCIÓN FÍSICA
Extensión 155, [1] p. :
Otras características físicas il. ;
Dimensiones 21 cm.
490 1# - MENCIÓN DE SERIE
Mención de serie La tabla de esmeralda
Designación de volumen o secuencia 85
534 ## - NOTA SOBRE LA VERSIÓN ORIGINAL
Encabezamiento principal del original Título original inglés:
Mención de título del original Pendulum power.
500 ## - NOTA GENERAL
Nota general Incluye bibliografía (p. [152]-155).
700 1# - PUNTO DE ACCESO ADICIONAL--NOMBRE DE PERSONA
Nombre de persona Polansky, Joseph
9 (RLIN) 47960
700 1# - PUNTO DE ACCESO ADICIONAL--NOMBRE DE PERSONA
Nombre de persona Pérez, Amparo
Término indicativo de función/relación tr.
9 (RLIN) 47961
830 #0 - PUNTO DE ACCESO ADICIONAL DE SERIE-TÍTULO UNIFORME
Título uniforme La tabla de esmeralda ;
Designación de volumen o secuencia 85
9 (RLIN) 47962
Holdings
Estado de retiro Estado de pérdida Restricciones de uso No para préstamo Código de colección Localización permanente Ubicación/localización actual Ubicación en estantería Fecha de adquisición Número de inventario Total de préstamos Signatura topográfica completa Código de barras Fecha visto por última vez Precio válido a partir de Tipo de ítem Koha
        Monografías: Libros y Folletos General General En catalogación 01.12.2010 LF1   NNN N669p 23290-10 25.06.2020 25.06.2020 Préstamo en sala

Powered by Koha